Szczegóły MARC21

Dochodząc do Tak : negocjowanie bez poddawania się /

005 -DATA I CZAS OSTATNIEJ MODYFIKACJI [,]
    • @
    • pole kontrolne
    • 20080917225044.0
020 -Międzynarod. znormalizowany nr książki - ISBN [ , ]
    • a
    • Numer ISBN
    • 8320808391 Find
040 -Instytucja sporządzająca opis [ , ]
    • a
    • Instytucja, która sporządziła opis (NP)
    • SZCZ U/OG
    • c
    • Instytucja, która sporządziła rekord (NP)
    • SZCZ U/OG
041 -Język dokumentu [1, ]
    • a
    • Język tekstu (P)
    • polski
    • h
    • Język tekstu oryginalnego i/lub pośredniego (P)
    • angielski
044 -Kraj miejsca wydania [ , ]
    • a
    • Kraj miejsca wydania
    • Polska
942 -Rodzaj dokumentu [ , ]
    • c
    • Rodzaj dokumentu
    • Książka
100 -Hasło główne - nazwa osobowa [1, ]
    • a
    • Nazwa osobowa (NP)
    • Fisher, Roger
    • d
    • Daty biograficzne (NP)
    • (1922-).
240 -Tytuł ujednolicony [1,0]
    • a
    • Tytuł ujednolicony
    • Getting to YES
    • l
    • Język tekstu
    • pol
245 -Strefa tytułu i oznaczenia odpowiedzialności [1,0]
    • a
    • Tytuł
    • Dochodząc do Tak : Find
    • b
    • Ciąg dalszy tytułu (NP)
    • negocjowanie bez poddawania się / Find
    • c
    • Pozostałe elementy strefy tytułu i oznaczenia odpowiedzialności (NP)
    • Roger Fisher, William Ury ; [przeł. i przedm. opatrzył Robert A. Rządca].
250 -Strefa wydania [ , ]
    • a
    • Oznaczenie wydania (NP)
    • Wyd. 2 rozsz.
260 -Strefa adresu wydawniczego [ , ]
    • a
    • Miejsce wydania (P)
    • Warszawa :
    • b
    • Nazwa wydawcy (P)
    • Państwowe Wydawnictwo Ekonomiczne,
    • c
    • Data wydania (P)
    • 1990.
300 -Strefa opisu fizycznego [ , ]
    • a
    • Określenie formy książki i/lub objętość (NP)
    • 183 s. ;
    • c
    • Format (NP)
    • 20 cm.
080 -Uniwersalna Klasyfikacja Dziesiętna [ , ]
    • 2
    • Identyfikator wydania tablic
    • UDC-P058
    • a
    • Symbol klasyfikacji
    • 005.574
    • b
    • Dopowiedzenie
    • Mediacje. Rozwiązywanie konfliktów. Negocjacje. Taktyka negocjacji.
980 -Symbol UKD [ , ]
    • a
    • UKD
    • 005.574
700 -Hasło dodatkowe - nazwa osobowa [1, ]
    • a
    • Nazwa osobowa (NP)
    • Ury, William Find
    • d
    • Daty biograficzne (NP)
    • (1953- ).
    • 9
    • KHW
    • 64384
700 -Hasło dodatkowe - nazwa osobowa [1, ]
    • a
    • Nazwa osobowa (NP)
    • Rządca, Robert Artur. Find
    • e
    • Określenie rodzaju współpracy
    • Tł.
    • 9
    • KHW
    • 49058
920 -ISBN [ , ]
    • a
    • ISBN
    • 83-208-0839-1 Find
Data inwentaryzacji Lokalizacja Numer inwentarzowy Status udost. Uwagi nie widoczne w OPAC
BES.723242retrokonwersja
BES.72325-3retrokonwersja
BES.723262retrokonwersja
BEE.60129-2retrokonwersja
TTS.72327-3retrokonwersja
TTS.72328-3retrokonwersja